000 00449nam a2200157 i 4500
001 132606
003 ES-MaACL
005 20230906194219.0
007 t|
008 070214q1914 fr r ||||1| fre d
245 0 3 _aLe romancero espagnol /
_cintroduction, traduction et notes par E. Merimée.
260 _aParis :
_bCorbeil-Crété,
_c[1914?]
300 _a196 p. ;
_c18 cm.
700 1 _aMérimée, Ernest.
_980505
852 _aES-MaACL
_jB-6769
999 _c132606
_d132606